The garden tomb of Humayun : (Record no. 51360)
[ view plain ]
| 000 -LEADER | |
|---|---|
| fixed length control field | 01495nam a2200313 a 4500 |
| 005 - DATE AND TIME OF LATEST TRANSACTION | |
| control field | 2011040102492.0 |
| 010 ## - LCCN (DPL NO) | |
| LC control number | B-425062 |
| 020 ## - INTERNATIONAL STANDARD BOOK NUMBER | |
| International Standard Book Number | 9788173052538 |
| Terms of availability | 2500.00 |
| 020 ## - INTERNATIONAL STANDARD BOOK NUMBER | |
| International Standard Book Number | 8173052530 |
| Terms of availability | 2500.00 |
| 035 ## - SYSTEM CONTROL NUMBER | |
| System control number | B-425062 |
| 037 ## - SOURCE OF ACQUISITION | |
| Source of stock number/acquisition | Researchco Book Centre |
| 082 ## - DEWEY DECIMAL CLASSIFICATION NUMBER | |
| Classification number | 726.80954 |
| 100 1# - MAIN ENTRY--PERSONAL NAME | |
| Personal name | Misra, Neeru |
| 245 14 - TITLE STATEMENT | |
| Title | The garden tomb of Humayun : |
| Remainder of title | an abode in paradise / |
| Statement of responsibility, etc | by Neeru Misra (and) Tanay Misra |
| 260 ## - PUBLICATION, DISTRIBUTION, ETC. (IMPRINT) | |
| Place of publication, distribution, etc | New Delhi |
| Name of publisher, distributor, etc | Aryan Books International : |
| Date of publication, distribution, etc | 2003 |
| 270 ## - ADDRESS | |
| Address | Pooja Apartments, 4B, Ansari Road, Darya Ganj, |
| City | New Delhi |
| Postal code | 110002 |
| 300 ## - PHYSICAL DESCRIPTION | |
| Extent | 167 p. |
| Other physical details | col. ill. |
| Dimensions | 30cm(Hb) |
| 504 ## - BIBLIOGRAPHY, ETC. NOTE | |
| Bibliography, etc | Includes bibliographical references and index |
| 600 00 - SUBJECT ADDED ENTRY--PERSONAL NAME | |
| Personal name | Humayun, |
| Titles and other words associated with a name | Emperor of Hindustan, |
| Dates associated with a name | 1508-1556 |
| General subdivision | Tomb. |
| 600 00 - SUBJECT ADDED ENTRY--PERSONAL NAME | |
| Personal name | Humayun, |
| Titles and other words associated with a name | Emperor of Hindustan, |
| Dates associated with a name | 1508-1556 |
| General subdivision | Tomb |
| Form subdivision | Pictorial works. |
| 650 #0 - SUBJECT ADDED ENTRY--TOPICAL TERM | |
| Topical term or geographic name as entry element | Tombs |
| Geographic subdivision | India |
| -- | Delhi. |
| 650 #0 - SUBJECT ADDED ENTRY--TOPICAL TERM | |
| Topical term or geographic name as entry element | Tombs |
| Geographic subdivision | India |
| -- | Delhi |
| Form subdivision | Pictorial works. |
| 650 #0 - SUBJECT ADDED ENTRY--TOPICAL TERM | |
| Topical term or geographic name as entry element | Gardens, Mogul |
| Geographic subdivision | India |
| -- | Delhi. |
| 650 #0 - SUBJECT ADDED ENTRY--TOPICAL TERM | |
| Topical term or geographic name as entry element | Gardens, Mogul |
| Geographic subdivision | India |
| -- | Delhi |
| Form subdivision | Pictorial works. |
| 700 1# - ADDED ENTRY--PERSONAL NAME | |
| Personal name | Misra, Tanay |
| 9 (RLIN) | 26929 |
| 942 ## - ADDED ENTRY ELEMENTS (KOHA) | |
| Source of classification or shelving scheme | Dewey Decimal Classification |
| Item type | English Books |
| Call number suffix | MIS |
| Classification part | 726.80954 |
| Withdrawn status | Lost status | Not for loan | Collection code | Home library | Current library | Date acquired | Source of acquisition | Cost, normal purchase price | Full call number | Barcode | Copy number | Cost, replacement price | Koha item type |
|---|---|---|---|---|---|---|---|---|---|---|---|---|---|
| Not For Loan | Reference | Central Library | Central Library | 09/08/2011 | Researchco Book Centre/RBC-22386/2011-12/14.3.11/76/4.3.11/23.3.11 | 2500.00 | 726.80954 MIS | B-425062 | 1 | 2500.00 | English Books |
